योग और शिक्षा / (Record no. 119909)
[ view plain ]
| 000 -LEADER | |
|---|---|
| fixed length control field | 01023nam a22002537a 4500 |
| 005 - DATE AND TIME OF LATEST TRANSACTION | |
| control field | 20170124103150.0 |
| 010 ## - LIBRARY OF CONGRESS CONTROL NUMBER | |
| LC control number | B-075326 |
| 020 ## - INTERNATIONAL STANDARD BOOK NUMBER | |
| Terms of availability | 140.00 |
| 035 ## - SYSTEM CONTROL NUMBER | |
| System control number | B-075326 |
| 037 ## - SOURCE OF ACQUISITION | |
| Source of stock number/acquisition | Cen Lib/Ret |
| 040 ## - CATALOGING SOURCE | |
| Original cataloging agency | DPL |
| Language of cataloging | HN |
| 082 ## - DEWEY DECIMAL CLASSIFICATION NUMBER | |
| Classification number | 181.432 |
| Item number | कर्मयो |
| 100 ## - MAIN ENTRY--PERSONAL NAME | |
| Personal name | कर्मयोगी राजेश |
| 9 (RLIN) | 87570 |
| 245 ## - TITLE STATEMENT | |
| Title | योग और शिक्षा / |
| Statement of responsibility, etc | कर्मयोगी राजेश |
| 246 ## - VARYING FORM OF TITLE | |
| Title proper/short title | Yog aur shiksha |
| Remainder of title | by Karmyogi Rajesh |
| 260 ## - PUBLICATION, DISTRIBUTION, ETC. (IMPRINT) | |
| Place of publication, distribution, etc | प्रताप गढ़ |
| Name of publisher, distributor, etc | मयंक प्रकाशन |
| Date of publication, distribution, etc | 2002 |
| 270 ## - ADDRESS | |
| Address | ग्राम डाडी ,पो.सगरा सुन्दरपुर |
| City | प्रताप गढ़ |
| 300 ## - PHYSICAL DESCRIPTION | |
| Extent | 138पृष्ठ. |
| Dimensions | 20सेमी(सजिल्द) |
| 650 ## - SUBJECT ADDED ENTRY--TOPICAL TERM | |
| Topical term or geographic name as entry element | योगासन |
| 9 (RLIN) | 87571 |
| 650 ## - SUBJECT ADDED ENTRY--TOPICAL TERM | |
| Topical term or geographic name as entry element | आसन एवं प्राणायाम |
| 9 (RLIN) | 43135 |
| 650 ## - SUBJECT ADDED ENTRY--TOPICAL TERM | |
| Topical term or geographic name as entry element | Yoga |
| 9 (RLIN) | 87572 |
| 650 ## - SUBJECT ADDED ENTRY--TOPICAL TERM | |
| Topical term or geographic name as entry element | Asana and pranayama |
| 9 (RLIN) | 87573 |
| 942 ## - ADDED ENTRY ELEMENTS (KOHA) | |
| Source of classification or shelving scheme | Dewey Decimal Classification |
| Koha item type | Hindi Books |
| Classification part | 181.432 |
| Call number suffix | कर्मयो |
| Withdrawn status | Lost status | Damaged status | Not for loan | Home library | Current library | Date acquired | Source of acquisition | Cost, normal purchase price | Total Checkouts | Full call number | Barcode | Date last seen | Copy number | Cost, replacement price | Price effective from | Koha item type |
|---|---|---|---|---|---|---|---|---|---|---|---|---|---|---|---|---|
| Central Library | Central Library | 19/09/2015 | Cen Lib/Ret | 140.00 | 181.432 कर्मयो | B-075326 | 19/09/2015 | 1 | 140.00 | 19/09/2015 | Hindi Books |
